• 首页
  • 本馆介绍
  • 公告通知
  • 最新文献
  • 馆藏检索
  • 电子资源
  • 读者导购
  • 参考咨询
  • 我的图书馆
  • 登录
  • 详细信息显示
  • 放入我的书架
  • 预约/预借图书
  • 作者相关作品
  • 分类相关作品
  • 丛书相关作品
  • 出版社相关作品

书目信息

  • 表格格式
  • 工作单格式
  • 卡片格式
题名:
网络综合布线技术教程
    
 
作者: 黄为 著
分册:  
出版信息: 北京   北京工业大学出版社  2019
页数: 164页
开本: 24cm
丛书名:
单 册:
中图分类: TP393.03
科图分类:
主题词: 计算机网络--布线--教材
电子资源:
ISBN: 978-7-5639-6794-0
000 00878nam0 2200229 450
001 2368624765
005 20231224102445.38
010    @a978-7-5639-6794-0@dCNY45.00
100    @a20210705d2019 em y0chiy50 ea
101 0  @achi
102    @aCN@b110000
105    @aa a 000yy
200 1  @a网络综合布线技术教程@Awang luo zong he bu xian ji shu jiao cheng@f黄为著
210    @a北京@c北京工业大学出版社@d2019
215    @a164页@c图@d24cm
320    @a有书目 (第163-164页)
330    @a本书所选知识点均遵从网络工程技术的原理和规律, 实现了“理论、应用、技术”三位一体的结合。本书论述严谨, 结构合理, 条理清晰, 内容丰富新颖, 语言清晰流畅, 能够满足综合布线技术教学实训急需, 培养工程设计、施工和管理人员的岗位技能需要。
606 0  @a计算机网络@x布线@j教材
690    @aTP393.03@v5
701  0 @a黄为@Ahuang wei@4著
801  0 @aCN@b湖北三新@c20210705
905    @aBZT@dTP393.03@e4
    
    网络综合布线技术教程/黄为著.-北京:北京工业大学出版社,2019
    164页:图;24cm
    
    
    ISBN 978-7-5639-6794-0:CNY45.00
    本书所选知识点均遵从网络工程技术的原理和规律, 实现了“理论、应用、技术”三位一体的结合。本书论述严谨, 结构合理, 条理清晰, 内容丰富新颖, 语言清晰流畅, 能够满足综合布线技术教学实训急需, 培养工程设计、施工和管理人员的岗位技能需要。
●
相关链接 在五车中查询图书 在当当中查询图书 在豆瓣中查询图书


正题名:网络综合布线技术教程     索取号:TP393.03/4         预约/预借

序号 登录号 条形码 馆藏地/架位号 状态 备注
1 2001340771   2001340771   安徽(三新转)/安徽时代(第一批)/1489/ [索取号:TP393.03/4] 在馆    
2 2001340772   2001340772   安徽(三新转)/安徽时代(第一批)/1489/ [索取号:TP393.03/4] 在馆    
3 2001340773   2001340773   安徽(三新转)/安徽时代(第一批)/1489/ [索取号:TP393.03/4] 在馆    
4 2001340774   2001340774   安徽(三新转)/安徽时代(第一批)/1489/ [索取号:TP393.03/4] 在馆    
5 2001340775   2001340775   安徽(三新转)/安徽时代(第一批)/1489/ [索取号:TP393.03/4] 在馆    
6 2001340776   2001340776   安徽(三新转)/安徽时代(第一批)/1489/ [索取号:TP393.03/4] 在馆    
7 2001340777   2001340777   三新/湖北三新(第三批)/1489/ [索取号:TP393.03/4] 在馆    
8 2001340778   2001340778   三新/湖北三新(第三批)/1489/ [索取号:TP393.03/4] 在馆    
9 2001340779   2001340779   三新/湖北三新(第三批)/1489/ [索取号:TP393.03/4] 在馆    
10 2001340780   2001340780   三新/湖北三新(第三批)/1489/ [索取号:TP393.03/4] 在馆    
11 2001340781   2001340781   三新/湖北三新(第三批)/1489/ [索取号:TP393.03/4] 在馆    
12 2001340782   2001340782   三新/湖北三新(第三批)/1489/ [索取号:TP393.03/4] 在馆    
13 2001340783   2001340783   三新/湖北三新(第三批)/1489/ [索取号:TP393.03/4] 在馆    
14 2001340784   2001340784   三新/湖北三新(第三批)/1489/ [索取号:TP393.03/4] 在馆    
15 2001340785   2001340785   三新/湖北三新(第三批)/1489/ [索取号:TP393.03/4] 在馆    
16 2001340786   2001340786   三新/湖北三新(第三批)/1489/ [索取号:TP393.03/4] 在馆    
17 2001340787   2001340787   三新/湖北三新(第三批)/1489/ [索取号:TP393.03/4] 在馆    
18 2001340788   2001340788   三新/湖北三新(第三批)/1489/ [索取号:TP393.03/4] 在馆    
19 2001340789   2001340789   三新/湖北三新(第三批)/1489/ [索取号:TP393.03/4] 在馆    
20 2001340790   2001340790   三新/湖北三新(第三批)/1489/ [索取号:TP393.03/4] 在馆    
21 2001340791   2001340791   三新/湖北三新(第三批)/1489/ [索取号:TP393.03/4] 在馆    
22 2001340792   2001340792   三新/湖北三新(第三批)/1489/ [索取号:TP393.03/4] 在馆    
23 2001340793   2001340793   三新/湖北三新(第三批)/1489/ [索取号:TP393.03/4] 在馆    
24 2001340794   2001340794   三新/湖北三新(第三批)/1489/ [索取号:TP393.03/4] 在馆    
25 2001340795   2001340795   三新/湖北三新(第三批)/1489/ [索取号:TP393.03/4] 在馆    
26 2001340796   2001340796   三新/湖北三新(第三批)/1489/ [索取号:TP393.03/4] 在馆    
27 2001340797   2001340797   三新/湖北三新(第三批)/1489/ [索取号:TP393.03/4] 在馆    
28 2001340798   2001340798   三新/湖北三新(第三批)/1489/ [索取号:TP393.03/4] 在馆    
29 2001340799   2001340799   三新/湖北三新(第三批)/1489/ [索取号:TP393.03/4] 在馆    
30 2001340800   2001340800   三新/湖北三新(第三批)/1489/ [索取号:TP393.03/4] 在馆    
山东省滨州职业学院图书馆 欢迎您!
大连网信软件有限公司© 版权所有